| 000 | 02100nam a2200445 c 4500 | ||
|---|---|---|---|
| 003 | BLK | ||
| 005 | 20181130161017.0 | ||
| 008 | 180412b bul|||||r ||||||| ||bul|| | ||
| 010 | _aKNG00007094000 | ||
| 020 |
_a954-608-061-6 _bиздат.: Труд и право |
||
| 040 | _aBLK | ||
| 041 |
_aBUL _cBUL |
||
| 080 |
_aТрудово законодателство. Работническо законодателство. Социално законодателство _b351.83 _x:331(497.2)(094.9) _z351.83:331(497.2)(094.9) |
||
| 080 |
_aТрудово право. Вж и 331 _b349.2 _x(497.2)(035) _z349.2(497.2)(035) |
||
| 100 | 1 |
_aБанова, Емилия Симеонова _eпърви автор _9250739 |
|
| 700 | 1 |
_aСербезова, Стойна Илиева _eсъавт. _9250740 |
|
| 700 | 1 |
_aХристов, Чавдар Стоянов _eсъавт. _9250741 |
|
| 139 |
_aБанова, Емилия Симеонова и др. _bБ 25 |
||
| 245 | 1 | 0 |
_aНаръчник по трудови отношения _cЕмилия Симеонова Банова; съавт. Стойна Илиева Сербезова; съавт. Чавдар Стоянов Христов. |
| 257 | _aBGR | ||
| 260 |
_аСофия _bТруд и право _c2001 _fСофия : ПК Д. Благоев |
||
| 300 |
_a416 с. _c21 см |
||
| 380 | _a3 | ||
| 500 | _aОфс. изд. | ||
| 650 | 4 |
_aТруд - България - законодателни и директивни материали _9250742 |
|
| 650 | 4 |
_aТрудови отношения - България - нормативни актове и коментар _9250743 |
|
| 650 | 4 |
_aТрудово право - България _9248377 |
|
| 653 | _aтруд | ||
| 653 | _aтрудови отношения | ||
| 653 | _aтрудово право | ||
| 653 | _aБългария | ||
| 653 | _aзакони | ||
| 653 | _aнормативни документи | ||
| 653 | _aнаръчници | ||
| 852 | _aЦб 210724 | ||
| 856 | 4 |
_qpdf _u |
|
| 856 | 4 |
_qpdf _u |
|
| 942 |
_cKNG _n0 _01 |
||
| 944 |
_aCR _c15.01.2003 _kЛюдмила_Стоянова |
||
| 944 |
_aED _c21.12.2005 _k |
||
| 999 |
_c5884 _d5884 |
||